<?xml version="1.0" encoding="UTF-8"?>
<record
    xmlns:xsi="http://www.w3.org/2001/XMLSchema-instance"
    xsi:schemaLocation="http://www.loc.gov/MARC21/slim http://www.loc.gov/standards/marcxml/schema/MARC21slim.xsd"
    xmlns="http://www.loc.gov/MARC21/slim">

  <leader>00900nam a22002417a 4500</leader>
  <controlfield tag="005">20260209125949.0</controlfield>
  <controlfield tag="008">260209b        mx ||||| |||| 00| 0 spa d</controlfield>
  <datafield tag="020" ind1=" " ind2=" ">
    <subfield code="a">9786072636002</subfield>
  </datafield>
  <datafield tag="050" ind1="0" ind2="4">
    <subfield code="a">KGF801</subfield>
    <subfield code="b">G67 2025</subfield>
  </datafield>
  <datafield tag="100" ind1="1" ind2=" ">
    <subfield code="a">Gorj&#xF3;n G&#xF3;mez, Francisco.</subfield>
  </datafield>
  <datafield tag="245" ind1="1" ind2="0">
    <subfield code="a">M&#xE9;todos alternativos de soluci&#xF3;n de conflictos</subfield>
    <subfield code="c">/ Francisco Gorj&#xF3;n G&#xF3;mez, Jos&#xE9; Steele Garza ; edici&#xF3;n Rutilo Olvera Arg&#xFC;ello.</subfield>
  </datafield>
  <datafield tag="250" ind1=" " ind2=" ">
    <subfield code="a">2a ed.</subfield>
    <subfield code="b">actualizada</subfield>
  </datafield>
  <datafield tag="260" ind1=" " ind2=" ">
    <subfield code="a">M&#xE9;xico :</subfield>
    <subfield code="b">Editorial Dikaia,</subfield>
    <subfield code="c">2025.</subfield>
  </datafield>
  <datafield tag="300" ind1=" " ind2=" ">
    <subfield code="a">xvi, 431 p. ;</subfield>
    <subfield code="c">23 cm.</subfield>
  </datafield>
  <datafield tag="504" ind1=" " ind2=" ">
    <subfield code="a">Bibliograf&#xED;a : p. 420-431.</subfield>
  </datafield>
  <datafield tag="650" ind1=" " ind2="7">
    <subfield code="2">lemb</subfield>
    <subfield code="a">Compromiso (derecho)</subfield>
    <subfield code="z">M&#xE9;xico</subfield>
  </datafield>
  <datafield tag="650" ind1=" " ind2="4">
    <subfield code="a">Resoluci&#xF3;n de disputa (derecho)</subfield>
    <subfield code="z">M&#xE9;xico</subfield>
  </datafield>
  <datafield tag="650" ind1=" " ind2="4">
    <subfield code="a">Acuerdo y satisfacci&#xF3;n (derecho)</subfield>
    <subfield code="z">M&#xE9;xico</subfield>
  </datafield>
  <datafield tag="650" ind1=" " ind2="4">
    <subfield code="a">Negociaci&#xF3;n (derecho)</subfield>
    <subfield code="z">M&#xE9;xico</subfield>
  </datafield>
  <datafield tag="700" ind1="1" ind2=" ">
    <subfield code="a">Steele Garza, Jos&#xE9;,</subfield>
    <subfield code="e">autor</subfield>
  </datafield>
  <datafield tag="700" ind1="1" ind2=" ">
    <subfield code="a">Olvera Arg&#xFC;ello, Rutilo,</subfield>
    <subfield code="e">editor</subfield>
  </datafield>
  <datafield tag="942" ind1=" " ind2=" ">
    <subfield code="2">lcc</subfield>
    <subfield code="c">LIB</subfield>
  </datafield>
  <datafield tag="999" ind1=" " ind2=" ">
    <subfield code="c">115887</subfield>
    <subfield code="d">115887</subfield>
  </datafield>
  <datafield tag="952" ind1=" " ind2=" ">
    <subfield code="1">0</subfield>
    <subfield code="2">lcc</subfield>
    <subfield code="4">0</subfield>
    <subfield code="7">0</subfield>
    <subfield code="a">UCIH</subfield>
    <subfield code="b">UCIH</subfield>
    <subfield code="c">SPCF</subfield>
    <subfield code="d">2026-02-09</subfield>
    <subfield code="e">DGB-GENERADO</subfield>
    <subfield code="f">2a ed.</subfield>
    <subfield code="k">CSA</subfield>
    <subfield code="l">0</subfield>
    <subfield code="o">KGF801 G67 2025</subfield>
    <subfield code="p">BCU000025235</subfield>
    <subfield code="r">2026-02-09 13:01:00</subfield>
    <subfield code="t">1</subfield>
    <subfield code="v">641.25</subfield>
    <subfield code="y">LIB</subfield>
    <subfield code="z">Seguridad P&#xFA;blica y Ciencias Forenses</subfield>
  </datafield>
  <datafield tag="952" ind1=" " ind2=" ">
    <subfield code="1">0</subfield>
    <subfield code="2">lcc</subfield>
    <subfield code="4">0</subfield>
    <subfield code="7">0</subfield>
    <subfield code="a">UCIH</subfield>
    <subfield code="b">UCIH</subfield>
    <subfield code="c">SPCF</subfield>
    <subfield code="d">2026-02-09</subfield>
    <subfield code="e">DGB-GENERADO</subfield>
    <subfield code="f">2a ed.</subfield>
    <subfield code="k">CSA</subfield>
    <subfield code="l">0</subfield>
    <subfield code="o">KGF801 G67 2025</subfield>
    <subfield code="p">BCU000025236</subfield>
    <subfield code="r">2026-02-09 13:03:00</subfield>
    <subfield code="t">2</subfield>
    <subfield code="v">641.25</subfield>
    <subfield code="y">LIB</subfield>
    <subfield code="z">Seguridad P&#xFA;blica y Ciencias Forenses</subfield>
  </datafield>
  <datafield tag="952" ind1=" " ind2=" ">
    <subfield code="1">0</subfield>
    <subfield code="2">lcc</subfield>
    <subfield code="4">0</subfield>
    <subfield code="7">0</subfield>
    <subfield code="a">UCIH</subfield>
    <subfield code="b">UCIH</subfield>
    <subfield code="c">SPCF</subfield>
    <subfield code="d">2026-02-09</subfield>
    <subfield code="e">DGB-GENERADO</subfield>
    <subfield code="f">2a ed.</subfield>
    <subfield code="k">CSA</subfield>
    <subfield code="l">0</subfield>
    <subfield code="o">KGF801 G67 2025</subfield>
    <subfield code="p">BCU000025237</subfield>
    <subfield code="r">2026-02-09 13:04:00</subfield>
    <subfield code="t">3</subfield>
    <subfield code="v">641.25</subfield>
    <subfield code="y">LIB</subfield>
    <subfield code="z">Seguridad P&#xFA;blica y Ciencias Forenses</subfield>
  </datafield>
  <datafield tag="952" ind1=" " ind2=" ">
    <subfield code="1">0</subfield>
    <subfield code="2">lcc</subfield>
    <subfield code="4">0</subfield>
    <subfield code="7">0</subfield>
    <subfield code="a">UCIH</subfield>
    <subfield code="b">UCIH</subfield>
    <subfield code="c">SPCF</subfield>
    <subfield code="d">2026-02-09</subfield>
    <subfield code="e">DGB-GENERADO</subfield>
    <subfield code="f">2a ed.</subfield>
    <subfield code="k">CSA</subfield>
    <subfield code="l">0</subfield>
    <subfield code="o">KGF801 G67 2025</subfield>
    <subfield code="p">BCU000025238</subfield>
    <subfield code="r">2026-02-09 13:05:00</subfield>
    <subfield code="t">4</subfield>
    <subfield code="v">641.25</subfield>
    <subfield code="y">LIB</subfield>
    <subfield code="z">Seguridad P&#xFA;blica y Ciencias Forenses</subfield>
  </datafield>
</record>
